Sports Quiz

Random Sports Quiz

Knicks Coaches Quiz Stats

 Plays Quiz not verified by Sporcle

Challenge
Share
Tweet
Embed
Score 0/24 Timer 10:00
0 Plays Today
Years Coached Coach % Correct
2008-PresentMike D'Antoni
93.1%
2006-2008Isiah Thomas
90.1%
1996-2001Jeff Van Gundy
89.3%
2005-2006Larry Brown
88.8%
1982-1986Hubie Brown
87.5%
1991-1995Pat Riley
87%
2004-2005Lenny Wilkens
64.9%
1968-1977, 1978-1982Red Holzman
63.6%
2004, 2005Herb Williams
62.3%
1995-1996Don Nelson
55%
1987-1989Rick Pitino
50.4%
2001-2004Don Chaney
48.6%
Years Coached Coach % Correct
1989-1990Stu Jackson
48.3%
1977-1978Willis Reed
28.2%
1986-1987Bob Hill
15%
1965-1968Dick McGuire
14.5%
1990-1991John Macleod
12.7%
1947-1956John Lapchick
11.7%
1959-1961Carl Braun
7.6%
1965Harry Gallatin
7.6%
1961-1965Eddie Donovan
4.3%
1956-1958Vince Boryla
4.1%
1946-1947Neil Cohalan
3.3%
1958-1959Andrew Levane
2.8%

You're not logged in!

Compare scores with friends on all Sporcle quizzes.
OR
Log In

You Might Also Like...

Show Comments

Extras

Created Sep 30, 2009ReportNominate
Tags:coach, New York Knicks

Top Quizzes Today


Score Distribution

Your Account Isn't Verified!

In order to create a playlist on Sporcle, you need to verify the email address you used during registration. Go to your Sporcle Settings to finish the process.

Report this User

Report this user for behavior that violates our Community Guidelines.

Details: